[Event "Tom Weston Major op"]
[Site "Cardiff"]
[Date "2009.04.11"]
[Round "2"]
[White "Wills, Alex"]
[Black "Arribas Ayllon, Michael"]
[Result "1-0"]
[WhiteElo "1614"]
[BlackElo "1800"]
[PlyCount "35"]
[EventDate "2009.04.10"]
[EventType "swiss"]
[EventRounds "7"]
[EventCountry "WLS"]
[SourceTitle "EXT 2011"]
[Source "ChessBase"]
[SourceDate "2010.11.26"]
[SourceVersion "1"]
[SourceVersionDate "2010.11.26"]
[SourceQuality "1"]

1. d4 d5 2. Nf3 Nf6 3. e3 e6 4. Bd3 c5 5. b3 Nc6 6. Bb2 Be7 7. Nbd2 0-0 8. 0-0 Bd7 9. Rc1 a6 10. Ne5 b6 11. f4 g6 12. Rf3 Nxe5 13. dxe5 Ne8 14. Rh3 f6 15. Rxh7 Kxh7 16. Qh5+ Kg8 17. Qxg6+ Ng7 18. Qh7+ 1-0